Catálogo público

Química / (Record no. 167955)

MARC details
000 -CABECERA
campo de control de longitud fija 00902nam a2200313Ia 4500
001 - NÚMERO DE CONTROL
campo de control Z_4901
003 - IDENTIFICADOR DEL NÚMERO DE CONTROL
campo de control CHAP
008 - DATOS DE LONGITUD FIJA--INFORMACIÓN GENERAL
campo de control de longitud fija 220113s2003 xx 000 0 und d
010 ## - NÚMERO DE CONTROL DE LA BIBLIOTECA DEL CONGRESO
Número de control de LC 167955
020 ## - NÚMERO INTERNACIONAL ESTÁNDAR DEL LIBRO
Número Internacional Estándar del Libro 970-10-3894-0
040 ## - FUENTE DE LA CATALOGACIÓN
Centro/agencia transcriptor CHAP
082 ## - NÚMERO DE LA CLASIFICACIÓN DECIMAL DEWEY
Número de clasificación 540 C43 2003
100 1# - ENTRADA PRINCIPAL--NOMBRE DE PERSONA
Nombre de persona Chang, Raymond
9 (RLIN) 21856
245 ## - MENCIÓN DE TÍTULO
Título Química /
Mención de responsabilidad, etc. Raymond Chang; traducción María del Carmen Ramírez Medeles; revisión José Clemente Reza García
250 ## - MENCIÓN DE EDICIÓN
Mención de edición 7a ed.
260 ## - PUBLICACIÓN, DISTRIBUCIÓN, ETC.
Lugar de publicación, distribución, etc. Colombia :
Nombre del editor, distribuidor, etc. Mc Graw-Hill,
Fecha de publicación, distribución, etc. 2003
300 ## - DESCRIPCIÓN FÍSICA
Extensión 1001 p.
500 ## - NOTA GENERAL
Nota general Traducción de la septima edición de: Chemistry de 2003
503 ## - NOTA DE HISTORIA BIBLIOGRÁFICA (BK CF MU) [OBSOLETO]
Nota de historia bibliográfica ej.1 - ej. ?: C/E
650 ## - PUNTO DE ACCESO ADICIONAL DE MATERIA--TÉRMINO DE MATERIA
Término de materia o nombre geográfico como elemento de entrada Química
9 (RLIN) 93552
700 ## - PUNTO DE ACCESO ADICIONAL--NOMBRE DE PERSONA
Nombre de persona Reza García, José Clemente, rev.
9 (RLIN) 141216
700 ## - PUNTO DE ACCESO ADICIONAL--NOMBRE DE PERSONA
Nombre de persona Ramírez Medeles, María del Carmen, tr.
9 (RLIN) 141217
901 ## - ELEMENTOS DE DATOS A LOCAL LDA (RLIN)
a 540 C43 2003
902 ## - ELEMENTOS DE DATOS B LOCAL, LDB (RLIN)
a M
910 ## - DATOS DE OPCIÓN DEL USUARIO (OCLC)
Datos de opción del usuario 2003
942 ## - ELEMENTOS DE PUNTO DE ACCESO ADICIONAL (KOHA)
Tipo de ítem Koha Libro_
942 ## - ELEMENTOS DE PUNTO DE ACCESO ADICIONAL (KOHA)
Tipo de ítem Koha
Holdings
Estado de retiro Estado de pérdida Fuente del sistema de clasificación o colocación Estado dañado Restricciones de uso No para préstamo Código de colección Localización permanente Ubicación/localización actual Fecha de adquisición Fuente de adquisición Número de inventario Signatura topográfica completa Código de barras Fecha visto por última vez Número de copia Precio válido a partir de Tipo de ítem Koha Total de préstamos En préstamo Fecha del último préstamo
    Dewey Decimal Classification   Préstamo interno   General Zootecnia Zootecnia 14/08/2003 Compra C/E 540 C43 2003 z_4736 18/01/2022 Ej.1 18/01/2022 Libro      
    Dewey Decimal Classification   Préstamo interno   General Zootecnia Zootecnia 14/08/2003 Compra C/E 540 C43 2003 z_4737 18/01/2022 Ej.2 18/01/2022 Libro      
    Dewey Decimal Classification   Préstamo 5 días   General Zootecnia Zootecnia 08/09/2004 Compra C/E 540 C43 2003 z_4932 18/01/2022 Ej.4 18/01/2022 Libro      
    Dewey Decimal Classification   Préstamo 5 días   General Zootecnia Zootecnia 29/07/2005 Compra C/E 540 C43 2003 z_5154 18/01/2022 Ej.5 18/01/2022 Libro      
    Dewey Decimal Classification   Préstamo 5 días   General Zootecnia Zootecnia 11/01/2006 Compra C/E 540 C43 2003 z_5155 18/01/2022 Ej.6 18/01/2022 Libro      
    Dewey Decimal Classification   Préstamo 5 días   General Zootecnia Zootecnia 29/07/2005 Compra C/E 540 C43 2003 z_5156 18/01/2022 Ej.7 18/01/2022 Libro      
    Dewey Decimal Classification   Préstamo 5 días   General Zootecnia Zootecnia 29/07/2005 Compra C/E 540 C43 2003 z_5157 18/01/2022 Ej.8 18/01/2022 Libro      
    Dewey Decimal Classification Material dañado   Excluido de préstamo General Zootecnia Zootecnia 08/09/2006 Compra C/E 540 C43 2003 z_5302 18/01/2022 Ej.9 18/01/2022 Libro      
    Dewey Decimal Classification   Préstamo 5 días   General Zootecnia Zootecnia 08/09/2006 Compra C/E 540 C43 2003 z_5303 18/01/2022 Ej.10 18/01/2022 Libro      
    Dewey Decimal Classification   Préstamo 5 días   General Zootecnia Zootecnia 08/09/2006 Compra C/E 540 C43 2003 z_5304 17/05/2024 Ej.13 18/01/2022 Libro 1 28/10/2015 17/05/2024
    Dewey Decimal Classification   Préstamo 5 días   General Zootecnia Zootecnia 08/09/2006 Compra C/E 540 C43 2003 z_5305 18/01/2022 Ej.11 18/01/2022 Libro      
    Dewey Decimal Classification     Excluido de préstamo General Zootecnia Zootecnia 19/09/2006     540 C43 2003 z_5306 18/01/2022 Ej.12 18/01/2022 Libro      
    Dewey Decimal Classification   Préstamo 5 días   General Zootecnia Zootecnia 08/09/2004 Compra C/E 540 C43 2003 z_4931 20/08/2025 Ej.3 20/08/2025 Libro